[Event "ISR-chT 2020"]
[Site "Israel"]
[Date "2020.02.07"]
[Round "5.22"]
[White "Caspi, Israel"]
[Black "Pasman, Michael"]
[Result "1/2-1/2"]
[WhiteElo "2474"]
[BlackElo "2368"]
[Annotator "TA"]
[PlyCount "137"]
[EventDate "2020.01.10"]
[EventType "team-tourn"]
[EventCountry "ISR"]
[SourceTitle "playchess.com"]
[Source "ChessBase"]
[SourceQuality "1"]

{[%evp 14,137,32,30,26,7,11,1,18,0,85,16,17,0,0,0,0,13,34,34,40,41,66,45,52,45,89,91,74,85,79,96,93,81,91,91,98,62,65,64,94,78,78,78,114,113,135,113,137,66,256,245,240,55,280,164,221,0,64,50,191,133,327,188,322,-127,-118,-437,51,47,47,47,69,81,81,81,81,81,81,81,81,49,82,81,81,81,97,35,69,69,69,69,69,69,69,69,69,69,69,69,69,69,69,69,69,31,31,31,34,32,37,8,81,-8,0,0,0,0,0,0,0,0,0,0,33,10]} 1. e4 c5 2. Nf3 Nc6 3. d4 cxd4 4. Nxd4 g6 5. Nc3 Bg7 6. Be3 Nf6 7. Bc4 O-O 8. Bb3 Re8 {B35: Sicilian: Accelerated Dragon with 5 Nc3: main line.} 9. f3 e6 {9...d5 is the fancy move.} 10. f4 d6 {The position is equal.} 11. O-O Na5 (11... a6 $11 {remains equal.}) 12. Qf3 (12. Ndb5 $1 $16) 12... b6 $11 {[#]} 13. Ndb5 $146 ({Predecessor:} 13. Rad1 Bb7 14. Ndb5 Bf8 15. Bd4 Nxb3 16. axb3 Nd7 17. Be3 Nf6 18. Bd4 Nd7 19. Be3 Nf6 20. Bd4 {½-½ (20) Stalmach,K (2568)-Fleetwood,D (2583) GER email 2018}) 13... a6 14. Nxd6 $1 {[%mdl 64] Remove Defender, Decoy} Qxd6 15. e5 {[%mdl 64] Double Attack} Qb8 16. exf6 Bxf6 17. Qf2 Bb7 18. Bxb6 Nxb3 19. axb3 Qd6 20. Rad1 Qc6 {Strongly threatening ...Bh4!} 21. Rd2 Bxc3 22. bxc3 Qxc3 23. Bd4 Qa5 24. Bf6 Rac8 25. Rfd1 Qf5 26. Bb2 Qc5 27. Bd4 Qf5 28. c4 a5 {With the idea ...a4.} 29. Qh4 a4 30. Be5 $1 {And now Qh6 would win.} (30. bxa4 $6 Rxc4 31. Qh6 f6 $11) 30... h5 (30... axb3 $2 31. Qh6 $18) 31. bxa4 $40 {[%mdl 128] White is up to no good.} (31. h3 $16) 31... Kh7 $2 ({Black should play} 31... f6 $1 $14 32. Qxf6 (32. Bxf6 Rxc4 33. Rf2 Rxa4 $14) 32... Qxf6 33. Bxf6 Rxc4) 32. Rd7 $18 Bc6 {[#]} 33. Ra7 $2 (33. g4 $1 $18 {[%cal Rg4f5][%mdl 512]} Qxg4+ 34. Qxg4 hxg4 35. Rxf7+ Kg8 36. Rg7+ Kf8 37. a5 (37. Rxg6 Bxa4 38. Rc1 Bc6 $18)) 33... Ra8 $2 {[#]} (33... Rf8 $1 $14 34. Qf6 Qxf6 35. Bxf6 Ra8) 34. Rc7 (34. g4 $142 $1 {[%mdl 512]} Qxg4+ 35. Qxg4 hxg4 36. Rxf7+ Kh6 37. a5 $1 {[%mdl 512]}) 34... Rac8 (34... Bxa4 $142 35. g4 {[%mdl 64] Deflection} Qxg4+ 36. Qxg4 hxg4 37. Rxf7+ Kg8 38. Rg7+ {[%mdl 64] Double Attack} Kf8) 35. Rxc8 $2 (35. g4 $1 $18 {[%cal Rg4f5]} Qxg4+ 36. Qxg4 hxg4 37. Rxf7+ Kg8 38. Rg7+ Kf8 39. a5 (39. Rxg6 Bxa4 40. Rc1 Red8 $18)) 35... Rxc8 ({Better is} 35... Qc2 $1 $11 36. Rxc6 Qxd1+ 37. Kf2 Qd2+ 38. Kg1 (38. Kf1 Qd3+ 39. Kg1 Qd1+ 40. Kf2 Qd2+ 41. Kg1 Qd1+ $11) 38... Qd1+ 39. Kf2 Qd2+ 40. Kg1 (40. Kf1 Qd3+ 41. Kg1 Qd1+ $11) 40... Qd1+) 36. Qe7 Kh6 (36... g5 $14) 37. h3 (37. h4 $1 $18 Qe4 38. Qg5+ Kh7 39. Kh2) 37... Qc2 $2 (37... Re8 $16 38. Qh4 g5 39. fxg5+ Kg6) 38. Qg5+ Kh7 39. Rf1 $2 (39. Rd6 $18 Qb1+ 40. Kh2) 39... Rd8 $1 $17 {[%cal Rd8d2]} 40. Kh1 $2 {[%mdl 8192] [#]} (40. f5 $17 exf5 41. Bf4) 40... Rd1 $2 (40... Rd3 $1 $19 {...Rxh3+ is the strong threat.} 41. Kh2 {[#]} Bxg2 $1 {[%mdl 512]} 42. Qxg2 Rd2 43. Qxd2 Qxd2+ 44. Kg1 Qd3) 41. Rxd1 $14 Qxd1+ 42. Kh2 {White wants to mate with Qf6!} Qe2 43. a5 {[%cal Ba4a5,Ba5a6,Ba6a7][%mdl 32]} Qd2 44. a6 Kg8 45. a7 Kh7 46. Qg3 Qa2 47. Bc3 Qe2 48. Qg5 Qc2 49. Bd4 Qd2 50. Be5 (50. Bf6 $16) 50... Qe2 51. h4 Qc2 52. Bd4 Qd2 53. Ba1 Qa2 54. Bc3 $1 Qc2 55. Qg3 Qa2 56. Bd4 Qxc4 57. Qf2 Qd5 58. Qb2 Qe4 59. Bh8 {[%csl Gh8][%cal Rb2g7]} Qxf4+ 60. g3 {[%csl Gh8][%cal Rb2g7]} Qh6 61. Qc3 {[%mdl 1024] White has compensation.} Bd5 62. Be5 Qf8 (62... g5 $11 {keeps the balance.}) 63. Qe3 ({White should try} 63. Qc7 $16) 63... Qc8 64. Bc3 {aiming for Qe5.} Qc4 {( -> ...Qf1)} 65. Kg1 $1 Qa2 {[%csl Gd5][%cal Ra2g2]} 66. Qf2 Qb1+ 67. Qf1 Qxf1+ 68. Kxf1 Kg8 69. Bf6 {Accuracy: White = 64%, Black = 62%.} 1/2-1/2

[Event "ISR-chT 2020"]
[Site "Israel"]
[Date "2020.02.07"]
[Round "5.23"]
[White "Oratovsky, Michael"]
[Black "Haimovich, Tal"]
[Result "1-0"]
[WhiteElo "2434"]
[BlackElo "2402"]
[Annotator "TA"]
[PlyCount "49"]
[EventDate "2020.01.10"]
[EventType "team-tourn"]
[EventCountry "ISR"]
[SourceTitle "playchess.com"]
[Source "ChessBase"]
[SourceQuality "1"]

{[%evp 13,57,41,44,42,43,46,50,39,47,35,52,36,65,37,73,89,137,130,129,100,213,200,226,249,216,245,246,186,182,183,247,242,405,406,1404,976,1278,837,29989,29990,29990,29991,29992,29993,29993,29994]} 1. e4 e5 2. Nf3 Nc6 3. Bc4 Nf6 4. d3 Be7 5. O-O O-O 6. Re1 d6 7. a4 Kh8 8. h3 {C55: Two Knights: 4 d3, 4 d4 exd4 5 e5 and Max Lange Attack} Ng8 9. Nc3 f5 10. Nd5 {White is slightly better.} Bf6 11. b4 {[%cal Bb2b4,Bb4b5][%mdl 32]} a6 {[#]} 12. Ra3 $146 ({Predecessor:} 12. c3 Nce7 13. Nxf6 Rxf6 14. Ng5 Nh6 15. d4 Ng6 16. Bb3 f4 17. c4 Rf8 18. Nf3 {1-0 (39) Kovanova,B (2381)-Semenova,E (2207) Moscow 2016}) 12... Bd7 13. Ba2 Rc8 14. b5 Nb8 15. Nxf6 Qxf6 16. d4 $1 $36 {[%mdl 2048] Keeping Black busy.} fxe4 (16... exd4 $16 17. exf5 (17. Qxd4 fxe4 18. Rxe4 axb5 $14) 17... Qxf5) 17. dxe5 $18 ({Don't take} 17. Rxe4 $6 Qf5 $16) 17... dxe5 18. Rxe4 axb5 19. axb5 ({Not} 19. Rxe5 b4 $14) 19... Bxb5 20. Rxe5 Bc6 {[#] White must now prevent ...Bxf3.} 21. Qe1 $1 Qg6 (21... Nd7 {might work better.}) 22. Ng5 {aiming for Rg3.} h6 $2 {[#]} (22... Nd7) 23. Rg3 $1 {[%cal Ba3g3,Bg3g5,Bg5h5][%mdl 32]} hxg5 (23... Nd7 $142 24. Nf7+ {[%mdl 64] Discovered Attack} Qxf7 25. Bxf7 Rxf7) 24. Rgxg5 Qh7 {[#]} 25. Rxg7 {Played: Rg5-h5} 1-0

[Event "ISR-chT 2020"]
[Site "Israel"]
[Date "2020.02.07"]
[Round "5.24"]
[White "Krayz, Alexander"]
[Black "Nedobora, Mikhail"]
[Result "1/2-1/2"]
[WhiteElo "2359"]
[BlackElo "2360"]
[Annotator "TA"]
[PlyCount "68"]
[EventDate "2020.01.10"]
[EventType "team-tourn"]
[EventCountry "ISR"]
[SourceTitle "playchess.com"]
[Source "ChessBase"]
[SourceQuality "1"]

{[%evp 9,68,22,10,14,20,8,12,8,9,9,10,11,6,6,29,22,43,45,73,72,62,39,75,75,92,98,91,62,76,77,116,91,108,85,128,81,91,84,86,71,85,55,55,20,20,7,24,8,27,20,65,62,95,73,60,52,59,55,57,27,56]} 1. e4 c5 2. Nf3 d6 3. Bb5+ Nd7 4. c4 e5 5. Nc3 Ne7 6. d3 {[#] B51: Sicilian: Moscow Variation (3 Bb5+) without 3...Bd7.} Nc6 $146 ({Predecessor:} 6... a6 7. Ba4 Nc6 8. O-O g6 9. a3 Bg7 10. Rb1 Nb6 11. Bc2 a5 12. Bd2 O-O {0-1 (29) To,Q (2299)-Dao,T (2560) Dong Thap 2003}) 7. O-O a6 8. Bxc6 {The position is equal.} bxc6 9. Ne1 Be7 10. f4 exf4 11. Bxf4 O-O 12. Nf3 Nb6 13. Qe1 Qd7 14. Qg3 $36 {[%mdl 2048] Black is under strong pressure.} Qe6 15. Nh4 {[#] Hoping for Nf5!} Bxh4 16. Qxh4 f6 17. Qg3 Rd8 18. Rf2 Ra7 19. Raf1 Re7 20. h3 Kh8 21. Nd1 {[%cal Bc3d1,Bd1e3,Be3f5][%mdl 32]} Ree8 22. Ne3 {Nf5! is the strong threat.} Qe7 23. Qh2 Be6 24. b3 Nc8 {[%cal Bb6c8,Bc8e7,Be7g6,Bg6e5][%mdl 32]} 25. Re2 Qd7 26. g4 Ne7 27. Nf5 {[%cal Rf5d6]} Ng6 28. Bd2 Ne5 29. Qg3 d5 30. Ba5 Rb8 31. Bc3 Bxf5 32. Rxf5 {[%cal Rc3e5]} dxc4 33. dxc4 ({Much worse is} 33. Bxe5 $6 cxd3 34. Rd2 Rxe5 $15) 33... Nf7 34. Kh2 Rbd8 {Accuracy: White = 80%, Black = 74%.} 1/2-1/2

[Event "ISR-chT 2020"]
[Site "Israel"]
[Date "2020.02.07"]
[Round "5.25"]
[White "Lomasov, Semyon"]
[Black "Eljanov, Pavel"]
[Result "0-1"]
[WhiteElo "2546"]
[BlackElo "2656"]
[Annotator "TA"]
[PlyCount "104"]
[EventDate "2020.01.10"]
[EventType "team-tourn"]
[EventCountry "ISR"]
[SourceTitle "playchess.com"]
[Source "ChessBase"]
[SourceQuality "1"]

{[%evp 16,104,0,0,15,7,9,0,1,6,11,17,30,22,28,33,35,-13,-29,-20,-26,-20,-20,-8,0,-33,0,15,38,54,53,0,22,0,0,0,15,-14,45,0,12,-48,-59,-50,0,-46,-50,-109,-14,-26,170,46,46,-146,0,0,0,-25,-32,-35,-43,-61,-17,-21,0,-58,-61,-114,-113,-139,-143,-189,-141,-141,-123,-297,-298,-464,-464,-445,-351,-1010,-816,-1028,-1031,-29991,-29992,-29992,-29992,-29992,-5322]} 1. e4 e5 2. Nf3 Nc6 3. d4 exd4 4. Nxd4 Nf6 5. Nxc6 bxc6 6. e5 Qe7 7. Qe2 Nd5 8. c4 Nb6 9. Nc3 Ba6 {C45: Scotch Game.} 10. Qe4 f6 $1 {[%mdl 4] outshines the older 10...Qe6.} 11. c5 Bxf1 {The position is equal.} 12. Kxf1 Qxc5 13. exf6+ {[#]} Kd8 $146 ({Predecessor:} 13... Kf7 14. Qf3 gxf6 15. g3 h5 16. Ne4 Qe5 17. Bd2 Kg6 18. Nxf6 Bg7 19. Bc3 Qf5 20. Qxf5+ Kxf5 {½-½ (45) Vachier Lagrave,M (2768)-Adams,M (2752) Bilbao 2014}) 14. Be3 Qh5 15. Bd4 Rg8 16. g3 gxf6 17. Bxf6+ Kc8 18. Kg2 Kb7 19. Rhe1 $132 {[%mdl 2048] White is not keeping still} d5 20. Qd3 Bd6 (20... Qf7 $5 {[%cal Rf7f6]} 21. Be5 Bc5 $11) 21. Be7 {aiming for Bxd6.} Rg6 22. Bxd6 Rxd6 23. b3 (23. Re7 $14) 23... Rf8 {And now ...Rxf2+! would win.} 24. Qe2 Qf5 25. Rad1 Rdf6 {[%cal Rf5f2]} 26. f4 Rh6 (26... Qg6 $11) 27. Kg1 Rg6 28. Na4 (28. Rd4 $11) 28... Nxa4 $1 $15 29. bxa4 Kc8 (29... Qxf4 $5 30. Rf1 {[%mdl 64] Pin} (30. Rb1+ Kc8 $17) 30... Qd6 $15) 30. Qf1 Kd7 31. Re2 (31. Qg2 $15) 31... h5 ({Black should play} 31... Qxf4 $1 $17 32. Qh3+ Qf5 33. Qxh7+ (33. Qh4 $2 Re6 $19) 33... Rf7) 32. Rde1 $1 $11 Rf7 $2 (32... h4 $1 $11 33. Re7+ Kd6) 33. Re5 ({Better is} 33. Re8 $1 $18 {Qe2 is the strong threat.} Rfg7 34. Qe2) 33... Qg4 $1 $14 34. R1e3 $2 (34. Qf2 $14 h4 35. Qd4) 34... Rgg7 ({Black should try} 34... Rxf4 $1 $17 35. Re7+ Kd6) 35. Kh1 Re7 36. Qd3 Rxe5 37. Rxe5 $11 {[%mdl 4096] Endgame KQR-KQR} h4 {[%cal Rh4g3]} 38. Re3 h3 (38... Qh3 $5 {[%cal Rh4g3]} 39. Kg1 hxg3 40. Rxg3 Qh7 41. Rxg7+ Qxg7+ 42. Kf2 Qf6 $11) 39. Qd4 Qg6 {( -> ...Qb1+)} 40. Qe5 (40. Kg1 $11) 40... Rg8 $1 $15 41. f5 (41. Qe7+ $15 Kc8 42. Kg1) 41... Qe8 $17 42. Qc3 Qh5 $1 43. Re6 Kd8 44. Re5 {[#]} Rf8 $1 45. Kg1 $2 (45. Qd3 $17 {was the only defense.}) 45... Rxf5 $19 46. Re1 (46. Rxf5 $142 Qxf5 47. Qxc6) 46... Qf3 {[%csl Gh3][%cal Rf3g2]} 47. Qh8+ Rf8 {[%csl Gh3][%cal Rf3g2]} 48. Qb2 $2 (48. Qh4+ Qf6 49. Qxf6+ Rxf6 50. Re2) 48... Kc8 49. a5 a6 50. Rb1 Qe3+ {Black mates.} 51. Kh1 d4 52. Qc2 Qf2 {Accuracy: White = 38%, Black = 77%.} (52... d3 $142 53. Qxc6 d2 54. Qxa6+ Kd8 55. Rb8+ Ke7 56. Re8+ Rxe8 57. Qf1 {[#]} Qe1 $1 {[%mdl 512]} 58. Kg1 d1=Q 59. Qxe1+ Qxe1#) 0-1

[Event "ISR-chT 2020"]
[Site "Israel"]
[Date "2020.02.07"]
[Round "5.26"]
[White "Sutovsky, Emil"]
[Black "Zubov, Alexander"]
[Result "1/2-1/2"]
[WhiteElo "2643"]
[BlackElo "2601"]
[Annotator "TA"]
[PlyCount "44"]
[EventDate "2020.01.10"]
[EventType "team-tourn"]
[EventCountry "ISR"]
[SourceTitle "playchess.com"]
[Source "ChessBase"]
[SourceQuality "1"]

{[%evp 11,44,19,14,0,0,0,10,8,9,0,20,17,25,14,20,9,19,4,8,7,33,14,15,17,54,3,6,6,58,-12,-10,-10,-13,-18,-16]} 1. e4 e5 2. Nf3 Nc6 3. Bb5 Nf6 4. O-O Nxe4 5. Re1 Nd6 6. Nxe5 Be7 7. Nxc6 {C67: Ruy Lopez: Berlin Defence: 4 0-0 Nxe4.} dxc6 8. Bf1 Nf5 {[#]} 9. c3 $146 ({Predecessor:} 9. d3 O-O 10. Nc3 Be6 11. Bf4 Bd6 12. Bxd6 cxd6 13. Qd2 Qb6 14. Na4 Qa6 15. Nc3 Qb6 16. Na4 Qa6 17. Nc3 Qb6 {½-½ (17) Gashimov,V (2757)-Karjakin,S (2763) Beijing 2011}) 9... c5 10. Bc4 O-O 11. d3 Nd6 12. Bb3 Bf5 13. Qf3 Bg5 14. Na3 Bxc1 15. Raxc1 Qf6 16. Re3 Rae8 17. Rce1 Bd7 18. Rxe8 (18. Qxf6 $14 gxf6 19. Nc4) 18... Rxe8 $11 19. Rxe8+ Bxe8 (19... Nxe8 $11 20. Qe3 (20. Qxb7 Bc6 $15) 20... b6) 20. Qe3 (20. Qxf6 $14 gxf6 21. Nc4) 20... b6 {The position is equal.} 21. Nc4 {[#] Hoping for Nxd6.} Kf8 22. Ne5 Qe7 {Accuracy: White = 82%, Black = 86%.} 1/2-1/2

[Event "ISR-chT 2020"]
[Site "Israel"]
[Date "2020.02.07"]
[Round "5.27"]
[White "Flom, Gabriel"]
[Black "Smirin, Ilia"]
[Result "0-1"]
[WhiteElo "2510"]
[BlackElo "2607"]
[Annotator "TA"]
[PlyCount "66"]
[EventDate "2020.01.10"]
[EventType "team-tourn"]
[EventCountry "ISR"]
[SourceTitle "playchess.com"]
[Source "ChessBase"]
[SourceQuality "1"]

{[%evp 12,66,29,21,28,16,21,18,14,12,23,-36,-40,-27,-35,-37,-45,-127,-127,-136,-121,-216,-212,-215,-215,-224,-231,-303,-259,-238,-202,-209,-161,-225,-228,-205,-210,-224,-223,-215,-215,-219,-137,-225,-180,-213,-89,-101,-83,-159,-171,-509,-426,-399,-409,-850,-831]} 1. d4 Nf6 2. c4 g6 3. Nc3 Bg7 4. e4 d6 5. f3 O-O 6. Be3 a6 7. Nge2 Nbd7 {E81: King's Indian: Sämisch: 6th move deviations (including 6 Be3 c6).} 8. Qd2 b5 $1 {[%mdl 4] scores much better than the old 8...c5.} 9. Bh6 b4 {The position is equal.} 10. Nd1 e5 11. h4 {[#]} (11. Bxg7 $11 Kxg7 12. Ne3) 11... Bxh6 $146 ({Predecessor:} 11... exd4 12. Nxd4 Ne5 13. Bxg7 Kxg7 14. Ne3 h5 15. O-O-O Rh8 16. Qe1 Bd7 17. Qg3 Kh7 {1-0 (60) Ratkovic,M (2409)-Cabarkapa,N (2445) Zrenjanin 2018}) 12. Qxh6 exd4 13. Nxd4 Ne5 $36 {[%mdl 2048] Black has the initiative.} 14. Ne3 ({White should play} 14. h5 $15) 14... c5 $17 15. Ndc2 Nh5 $1 16. O-O-O {[#]} (16. f4 $17 {was necessary.} Ng4 17. Qg5) 16... f5 $1 $19 17. Qg5 {[#]} fxe4 $1 18. Nd5 Be6 19. Nce3 exf3 20. gxf3 Bxd5 (20... Rxf3 21. Be2) 21. Nxd5 Kg7 (21... Rxf3 22. Be2 $17) 22. f4 {[#]} (22. Be2 {might work better.}) 22... Nxf4 $1 {[%mdl 576] Remove Defender} 23. Nxf4 {aiming for Ne6+.} Qxg5 24. hxg5 Rxf4 25. Rxd6 Ra7 26. Rd5 Rf5 ({Don't take} 26... Nxc4 27. Rxc5 Nd6 28. Bd3 $17) 27. Kc2 (27. Rg1 $17 {keeps fighting.}) 27... Nf3 ({But not} 27... Rxg5 28. Rxc5 Rf7 29. Kb3 $17) 28. Kb3 Nd4+ ({Resist} 28... Nxg5 29. Bd3 $17) (28... Rxg5 $19 {is more deadly.} 29. Ka4 Rxd5 30. cxd5 Rd7) 29. Ka4 $17 Rf2 30. Rxc5 (30. Ka5 $142) 30... Rxb2 {Threatens to win with ...Rb7.} 31. Rh4 $2 (31. Rd5 Nc6 32. a3) 31... b3 (31... Rxa2+ $2 32. Kxb4 a5+ 33. Kc3 $19) 32. a3 Rd2 {White must now prevent ...b2.} 33. Re5 (33. Rxd4 $142 b2 34. Rxd2) 33... Nf3 {Accuracy: White = 33%, Black = 81%.} 0-1

[Event "ISR-chT 2020"]
[Site "Israel"]
[Date "2020.02.07"]
[Round "5.28"]
[White "Gulko, Boris"]
[Black "Kantarji, Pinchas"]
[Result "1/2-1/2"]
[WhiteElo "2537"]
[BlackElo "2440"]
[Annotator "TA"]
[PlyCount "56"]
[EventDate "2020.01.10"]
[EventType "team-tourn"]
[EventCountry "ISR"]
[SourceTitle "playchess.com"]
[Source "ChessBase"]
[SourceQuality "1"]

{[%evp 15,56,14,30,32,85,87,139,143,147,113,102,114,94,107,101,94,143,141,141,112,134,133,137,130,131,128,143,137,148,139,143,139,126,125,141,14,28,4,5,0,0,0,4]} 1. c4 Nf6 2. Nc3 c5 3. g3 Nc6 4. Bg2 e6 5. Nf3 d5 6. cxd5 Nxd5 7. O-O Be7 8. d4 cxd4 9. Nxd5 $1 {[%mdl 4] 9.Nxd5 scores better than 9.Nxd4. A34: Symmetrical English: 2 Nc3, lines with ...d5.} Qxd5 (9... exd5 $14 10. Nxd4 O-O) 10. Nxd4 $1 $16 {[%mdl 64] [#] Pin} Qd7 (10... Qc4 $142 11. b3 Qa6 12. Nxc6 bxc6) 11. Nxc6 {White is clearly better.} bxc6 12. Qc2 Bb7 13. Rd1 Qc8 14. Be3 O-O {[#]} 15. Bc5 $146 ({Predecessor:} 15. Rac1 Rd8 16. Rxd8+ Qxd8 17. Be4 f5 18. Bxc6 Rc8 19. Qb3 Kf7 20. Qxb7 Rb8 21. Qxa7 Rxb2 22. Bf3 Kg6 23. a4 h6 24. a5 Bg5 25. Bd4 {1-0 (25) Ceballos,J (1661)-Duarte,A (1756) Bogota 2015}) 15... Re8 16. Bxe7 Rxe7 17. Rac1 Rc7 18. Qc5 Qf8 19. b4 Qxc5 20. Rxc5 a6 21. Rdc1 Rac8 22. a4 Kf8 23. b5 axb5 24. axb5 Ke7 25. bxc6 (25. e4 $16) 25... Ba8 $1 $11 26. R5c3 Kd6 {The position is equal.} 27. Rd1+ Ke7 28. Rdc1 Kd6 {Accuracy: White = 78%, Black = 81%.} 1/2-1/2

[Event "ISR-chT 2020"]
[Site "Israel"]
[Date "2020.02.07"]
[Round "5.29"]
[White "Bykhovsky, Avigdor"]
[Black "Bar, Roman"]
[Result "1/2-1/2"]
[WhiteElo "2403"]
[BlackElo "2498"]
[Annotator "TA"]
[PlyCount "44"]
[EventDate "2020.01.10"]
[EventType "team-tourn"]
[EventCountry "ISR"]
[SourceTitle "playchess.com"]
[Source "ChessBase"]
[SourceQuality "1"]

{[%evp 19,27,13,6,14,25,31,16,16,21,20]} 1. d4 Nf6 2. c4 e6 3. Nf3 Bb4+ 4. Bd2 Bxd2+ 5. Qxd2 d5 6. Nc3 O-O 7. e3 Qe7 8. Rc1 Rd8 9. Qc2 dxc4 10. Bxc4 c5 11. O-O {E11: Bogo-Indian.} Nc6 {[%cal Rc5d4]} 12. dxc5 Qxc5 13. Ne4 Qe7 14. Rfd1 {[#]} {Predecessor:} Nxe4 $146 15. Rxd8+ Nxd8 16. Qxe4 Bd7 17. Bd3 g6 18. Ne5 Nc6 19. h3 Nxe5 20. Qxe5 Bc6 21. Be4 Bxe4 22. Qxe4 Rd8 {½-½ (22) Schenk,A (2512)-Davies,N (2504) Sunningdale 2006} 1/2-1/2

[Event "ISR-chT 2020"]
[Site "Israel"]
[Date "2020.02.07"]
[Round "5.30"]
[White "Kantsler, Boris"]
[Black "Mesropov, Konstantin"]
[Result "1/2-1/2"]
[WhiteElo "2438"]
[BlackElo "2416"]
[Annotator "TA"]
[PlyCount "25"]
[EventDate "2020.01.10"]
[EventType "team-tourn"]
[EventCountry "ISR"]
[SourceTitle "playchess.com"]
[Source "ChessBase"]
[SourceQuality "1"]

{[%evp 16,25,37,41,42,40,40,40,41,41,42,39]} 1. d4 e6 2. c4 Bb4+ 3. Bd2 Bxd2+ 4. Qxd2 f5 5. Nc3 Nf6 6. g3 O-O 7. Bg2 Qe7 8. Nf3 d6 9. O-O {White is slightly better.} c6 {A90: Dutch Defence: Miscellaneous and Modern Stonewall (with ...Bd6)} 10. Rfe1 d5 11. Ne5 Nbd7 12. f4 Ne4 {[#]} 13. Nxe4 $146 ({Predecessor:} 13. Bxe4 fxe4 14. Rf1 Nxe5 15. fxe5 Rxf1+ 16. Rxf1 b6 17. b4 Bd7 18. c5 {½-½ (18) Jianu,V (2558)-Sundararajan,K (2422) Arad 2017}) 1/2-1/2

[Event "ISR-chT 2020"]
[Site "Israel"]
[Date "2020.02.07"]
[Round "5.31"]
[White "Boruchovsky, Avital"]
[Black "Tarlev, Konstantin"]
[Result "1-0"]
[WhiteElo "2524"]
[BlackElo "2570"]
[Annotator "TA"]
[PlyCount "128"]
[EventDate "2020.01.10"]
[EventType "team-tourn"]
[EventCountry "ISR"]
[SourceTitle "playchess.com"]
[Source "ChessBase"]
[SourceQuality "1"]

{[%evp 10,128,22,5,1,-30,-14,-15,-19,-27,-2,-23,-9,-10,0,-7,-8,0,0,0,0,0,0,-15,0,0,52,34,79,73,69,75,68,73,62,66,182,179,178,186,178,178,175,177,166,178,185,185,291,277,267,294,370,368,370,12,487,8,0,0,0,0,293,293,293,279,283,250,258,275,254,242,211,339,339,331,450,469,388,465,439,447,439,381,628,953,822,599,879,771,1168,785,745,711,12818,5706,12831,12831,12830,12730,12833,12833,12831,12827,12840,12840,12847,12847,12848,12848,12849,12849,12850,12851,12851,12851,12851,12851,12851,12851,12851]} 1. Nf3 Nf6 2. g3 b5 3. Bg2 Bb7 4. O-O e6 5. d4 c5 6. Nbd2 cxd4 {A46: 1 d4 Nf6 2 Nf3 e6: Torre, London and Colle Systems.} 7. Nb3 Be7 8. Nfxd4 Bxg2 {The position is equal.} 9. Kxg2 {[#]} Qb6 $146 ({Predecessor:} 9... b4 10. Qd3 O-O 11. e4 a5 12. Bg5 d6 13. a3 bxa3 14. Rxa3 d5 15. Bxf6 Bxf6 {0-1 (53) Kahn,E (2334)-Caruana,F (2523) Budapest 2007}) 10. Qd3 a6 11. a4 {[%cal Ra4b5]} b4 12. Qf3 $36 {[%mdl 2048] White is more active.} d5 13. Be3 Qb7 14. Rfc1 O-O 15. c4 bxc3 $1 16. Rxc3 Bb4 17. Rc2 $1 Nbd7 (17... Nfd7 $11) 18. Nc6 $14 Rac8 19. Rac1 $1 Rxc6 {[%mdl 64] Remove Defender, Decoy} 20. Rxc6 Ne5 {[%mdl 64] Double Attack} 21. Rc7 Qb8 22. Ba7 $1 {[%cal Ra7b8]} ({Of course not} 22. Qf4 Bd6 $15) 22... Qa8 (22... Qxc7 $14 23. Rxc7 Nxf3 24. Kxf3 Ra8) 23. Qf4 $1 $18 {[%csl LRb4,LRe5][%mdl 64] Double Attack} Bd6 {...Nc4 is the strong threat.} 24. Bc5 d4+ 25. Kg1 Nd5 26. Qxd4 Bxc7 27. Bxf8 Qxf8 {[#]} 28. Rxc7 $1 {[%mdl 512]} Nf3+ (28... Nxc7 $142 29. Qxe5 Qd8) 29. exf3 Nxc7 30. Qb6 Qd8 31. Nc5 h5 32. Nxa6 $2 ({Better is} 32. Kg2 $18 Qe7 33. Nxa6) 32... Qd1+ $11 33. Kg2 Nd5 34. Qb8+ (34. Qb5 {keeps more tension.} h4 35. Qe8+ Kh7 36. Qxf7 h3+ 37. Kxh3 Qf1+ 38. Kh4) 34... Kh7 35. Qe5 {Hoping for Nb4!} (35. Qb5 {is interesting.} h4 36. Qc4 g5 37. Qf1 Nf4+ 38. gxf4 h3+ 39. Kg1) 35... Qxa4 $2 {[%mdl 8192] [#]} (35... h4 $1 $11 {and Black stays safe.} 36. Qe4+ (36. gxh4 Qc1 $11) 36... Kg8 37. Qxh4 Qe2 38. Qd8+ Kh7 39. Qh4+ Kg8 40. Qd8+ Kh7 41. Qh4+ Kg8) 36. Qe4+ $1 $18 ({Weaker is} 36. Qxh5+ Kg8 $16) 36... Qxe4 37. fxe4 {[%mdl 4096] Endgame KN-KN} Nb6 38. b3 Kg6 39. Nc5 e5 40. Kf3 Kg5 41. h4+ Kf6 42. Ke3 g5 43. Na4 Nc8 44. hxg5+ Kxg5 45. b4 Nd6 46. Nb6 f5 $2 (46... Nb5 47. Kd3 Kg4) 47. exf5 {White is clearly winning.} Kxf5 48. Nd5 Ke6 {[#]} 49. Nc3 $1 Nf5+ 50. Kf3 Nd6 51. b5 Kd7 52. Kg2 Kc7 53. Kh3 Nf5 54. Nd5+ Kd6 55. Ne3 Nd4 56. b6 Kc6 57. Kh4 Kxb6 58. Nc4+ Kc5 59. Nxe5 Kd5 60. Nd3 Nf3+ 61. Kxh5 Ke4 62. Kg4 Nh2+ 63. Kh3 Nf3 64. Kg2 Nd4 {Accuracy: White = 88%, Black = 67%.} 1-0